000 00332 a2200157 4500
001 193076
020 _a978-85-380-3027-0
040 _cMagnum
100 _aChivers, Natalie
240 1 0 _aA grande coceira
_lpor
245 1 0 _aA grande coceira
300 _a24
362 0 _a2012
697 _aLITERATURA INFANTIL
942 _cBK
999 _c193076
_d193076